Diseño a Escala Piloto del Proceso de Obtención de una Crema Cosmética Hidratante a Base de Aloe Vera
El objetivo principal del presente trabajo fue la elaboración del diseño de Proceso de Obtención de una Crema Cosmética Hidratante a Base de Aloe Vera a escala piloto. Estas son las razones de proponer el diseño de una planta de proceso a escala piloto, en Liberia Costa Rica, en la cual se elab...
| Main Authors: | , |
|---|---|
| Other Authors: | |
| Format: | Tesis Section = Libro |
| Language: | Undetermined Spanish |
| Published: |
Managua
UNI
2019
|
| Subjects: |
| LEADER | 01336nam a2200277Ia 4500 | ||
|---|---|---|---|
| 008 | 240830s9999 xx 000 0 und d | ||
| 040 | |a BIBLIOTECA-RUSB/ Mon 668.55 M519 | ||
| 041 | |a spa | ||
| 082 | |a Mon 668.55 M519 | ||
| 100 | 1 | |a Meléndez Delgado, Keylor Abraham | |
| 100 | 1 | |b Ruiz Guillén, Everth Javier | |
| 245 | 1 | 0 | |a Diseño a Escala Piloto del Proceso de Obtención de una Crema Cosmética Hidratante a Base de Aloe Vera |
| 260 | |a Managua |b UNI |c 2019 | ||
| 300 | |a 74 p. :il. | ||
| 500 | |a Contiene: anexos y CD | ||
| 502 | |a Tesis (Ingeniero Químico) - UNI, 2019. | ||
| 520 | 3 | |a El objetivo principal del presente trabajo fue la elaboración del diseño de Proceso de Obtención de una Crema Cosmética Hidratante a Base de Aloe Vera a escala piloto. Estas son las razones de proponer el diseño de una planta de proceso a escala piloto, en Liberia Costa Rica, en la cual se elabore la crema hidratante a base de Aloe vera, por la facilidad de obtención de la Sábila, por su bajo costo, el valor agregado al ser procesada. | |
| 650 | 7 | |a CREMA DE ALOE VERA | |
| 650 | 7 | |b PRODUCTOS NATURALES | |
| 650 | 7 | |c COSMETICOS | |
| 650 | 7 | |d PLANTA DE PROCESOS DE CREMA HIDRATANTE | |
| 650 | 7 | |e TECNOLOGIA QUIMICA | |
| 700 | 1 | |a Tutor: |b Escorcia Morales, Denis | |
| 942 | |c BK |2 ddc | ||
| 991 | |a TESIS | ||
| 999 | |c 20770 | ||